<?xml version="1.0" encoding="UTF-8"?><marc:collection xmlns:marc="http://www.loc.gov/MARC21/slim">
  <marc:record>
    <marc:leader>00000nam  2200000zi 4500</marc:leader>
    <marc:controlfield tag="001">9.940804</marc:controlfield>
    <marc:controlfield tag="003">CaOODSP</marc:controlfield>
    <marc:controlfield tag="005">20250130144308</marc:controlfield>
    <marc:controlfield tag="006">m     o  d f      </marc:controlfield>
    <marc:controlfield tag="007">cr mn|||||||||</marc:controlfield>
    <marc:controlfield tag="008">240719e202409##onc     ob   f100 0 eng d</marc:controlfield>
    <marc:datafield tag="020" ind1=" " ind2=" ">
      <marc:subfield code="a">9780660728698</marc:subfield>
    </marc:datafield>
    <marc:datafield tag="040" ind1=" " ind2=" ">
      <marc:subfield code="a">CaOODSP</marc:subfield>
      <marc:subfield code="b">eng</marc:subfield>
      <marc:subfield code="e">rda</marc:subfield>
      <marc:subfield code="c">CaOODSP</marc:subfield>
    </marc:datafield>
    <marc:datafield tag="043" ind1=" " ind2=" ">
      <marc:subfield code="a">n-cn-ns</marc:subfield>
      <marc:subfield code="a">n-cn-nk</marc:subfield>
      <marc:subfield code="a">ln-----</marc:subfield>
    </marc:datafield>
    <marc:datafield tag="086" ind1="1" ind2=" ">
      <marc:subfield code="a">Fs70-4/2024-035E-PDF</marc:subfield>
    </marc:datafield>
    <marc:datafield tag="245" ind1="0" ind2="0">
      <marc:subfield code="a">Proceedings of the Maritimes regional advisory meeting of the identification of a limit reference point for southwest Nova Scotia/Bay of Fundy Atlantic herring (Clupea harengus) : </marc:subfield>
      <marc:subfield code="b">meeting dates, November 12-13, 2020 and January 18, 2021 : location, virtual meeting / </marc:subfield>
      <marc:subfield code="c">chairperson, Kent Smedbol ; editor, Daphne Themelis.</marc:subfield>
    </marc:datafield>
    <marc:datafield tag="264" ind1=" " ind2="1">
      <marc:subfield code="a">Ottawa ON : </marc:subfield>
      <marc:subfield code="b">Canadian Science Advisory Secretariat (CSAS), </marc:subfield>
      <marc:subfield code="c">September 2024.</marc:subfield>
    </marc:datafield>
    <marc:datafield tag="264" ind1=" " ind2="4">
      <marc:subfield code="c">©2024</marc:subfield>
    </marc:datafield>
    <marc:datafield tag="300" ind1=" " ind2=" ">
      <marc:subfield code="a">1 online resource (iv, 14 pages).</marc:subfield>
    </marc:datafield>
    <marc:datafield tag="336" ind1=" " ind2=" ">
      <marc:subfield code="a">text</marc:subfield>
      <marc:subfield code="b">txt</marc:subfield>
      <marc:subfield code="2">rdacontent</marc:subfield>
    </marc:datafield>
    <marc:datafield tag="337" ind1=" " ind2=" ">
      <marc:subfield code="a">computer</marc:subfield>
      <marc:subfield code="b">c</marc:subfield>
      <marc:subfield code="2">rdamedia</marc:subfield>
    </marc:datafield>
    <marc:datafield tag="338" ind1=" " ind2=" ">
      <marc:subfield code="a">online resource</marc:subfield>
      <marc:subfield code="b">cr</marc:subfield>
      <marc:subfield code="2">rdacarrier</marc:subfield>
    </marc:datafield>
    <marc:datafield tag="490" ind1="1" ind2=" ">
      <marc:subfield code="a">Proceedings series, </marc:subfield>
      <marc:subfield code="x">1701-1280 ; </marc:subfield>
      <marc:subfield code="v">2024/035</marc:subfield>
    </marc:datafield>
    <marc:datafield tag="500" ind1=" " ind2=" ">
      <marc:subfield code="a">Issued also in French under title: Compte rendu de la réunion sur les avis scientifiques de la région des Maritimes de la désignation d'un point de référence limite pour le hareng de l'Atlantique (Clupea harengus) du sud-ouest de la Nouvelle-Écosse/baie de Fundy : dates de la réunion, du 12 au 13 novembre 2020 et le 18 janvier 2021 : endroit, réunion virtuelle.</marc:subfield>
    </marc:datafield>
    <marc:datafield tag="504" ind1=" " ind2=" ">
      <marc:subfield code="a">Includes bibliographical references.</marc:subfield>
    </marc:datafield>
    <marc:datafield tag="520" ind1=" " ind2=" ">
      <marc:subfield code="a">"A regional peer review on the Identification of a Limit Reference Point for Southwest Nova Scotia/Bay of Fundy Atlantic Herring (Clupea harengus) was held on November 12-13, 2020, virtually using Microsoft Teams. As set out in the terms of reference (ToR) the focus was to consider limit reference points (LRP) in the context of the precautionary approach framework and identify a suitable LRP for testing operating models within a management strategy evaluation (MSE). The meeting reconvened on January 18, 2021 to discuss whether a static or dynamic reference point based on spawning stock biomass at maximum sustainable yield (SSBMSY) would be more appropriate for evaluating management procedures. It was decided that a dynamic SSBMSY would be adopted, solely to be used in the performance threshold to eliminate candidate management procedures in the MSE and that the use of dynamic reference points in determination of stock status is not appropriate. Participation in this meeting included Fisheries and Oceans Canada (DFO) Science, DFO Resource Management, Indigenous Communities/Organizations, Non-Government Organizations, Fishing Industry, University of British Columbia modelling team, and external experts. This proceedings document includes a summary of the presentations and is a record of the meeting discussions and conclusions. …"--Summary, page iv.</marc:subfield>
    </marc:datafield>
    <marc:datafield tag="650" ind1=" " ind2="0">
      <marc:subfield code="a">Atlantic herring fisheries</marc:subfield>
      <marc:subfield code="z">Nova Scotia</marc:subfield>
      <marc:subfield code="z">Atlantic Coast</marc:subfield>
      <marc:subfield code="x">Management</marc:subfield>
      <marc:subfield code="v">Congresses.</marc:subfield>
    </marc:datafield>
    <marc:datafield tag="650" ind1=" " ind2="0">
      <marc:subfield code="a">Atlantic herring fisheries</marc:subfield>
      <marc:subfield code="z">Fundy, Bay of</marc:subfield>
      <marc:subfield code="x">Management</marc:subfield>
      <marc:subfield code="v">Congresses.</marc:subfield>
    </marc:datafield>
    <marc:datafield tag="650" ind1=" " ind2="0">
      <marc:subfield code="a">Fish stock assessment</marc:subfield>
      <marc:subfield code="z">Nova Scotia</marc:subfield>
      <marc:subfield code="z">Atlantic Coast</marc:subfield>
      <marc:subfield code="v">Congresses.</marc:subfield>
    </marc:datafield>
    <marc:datafield tag="650" ind1=" " ind2="0">
      <marc:subfield code="a">Fish stock assessment</marc:subfield>
      <marc:subfield code="z">Fundy, Bay of</marc:subfield>
      <marc:subfield code="v">Congresses.</marc:subfield>
    </marc:datafield>
    <marc:datafield tag="655" ind1=" " ind2="7">
      <marc:subfield code="a">Conference papers and proceedings</marc:subfield>
      <marc:subfield code="2">lcgft</marc:subfield>
    </marc:datafield>
    <marc:datafield tag="700" ind1="1" ind2=" ">
      <marc:subfield code="a">Smedbol, R. Kent </marc:subfield>
      <marc:subfield code="q">(Robert Kent), </marc:subfield>
      <marc:subfield code="d">1968-</marc:subfield>
    </marc:datafield>
    <marc:datafield tag="710" ind1="2" ind2=" ">
      <marc:subfield code="a">Canadian Science Advisory Secretariat, </marc:subfield>
      <marc:subfield code="e">issuing body.</marc:subfield>
    </marc:datafield>
    <marc:datafield tag="710" ind1="1" ind2=" ">
      <marc:subfield code="a">Canada. </marc:subfield>
      <marc:subfield code="b">Department of Fisheries and Oceans. </marc:subfield>
      <marc:subfield code="b">Maritimes Region, </marc:subfield>
      <marc:subfield code="e">issuing body.</marc:subfield>
    </marc:datafield>
    <marc:datafield tag="775" ind1="0" ind2="8">
      <marc:subfield code="t">Compte rendu de la réunion sur les avis scientifiques de la région des Maritimes de la désignation d'un point de référence limite pour le hareng de l'Atlantique (Clupea harengus) du sud-ouest de la Nouvelle-Écosse/baie de Fundy : </marc:subfield>
      <marc:subfield code="w">(CaOODSP)9.940807</marc:subfield>
    </marc:datafield>
    <marc:datafield tag="830" ind1="#" ind2="0">
      <marc:subfield code="a">Proceedings series (Canadian Science Advisory Secretariat)</marc:subfield>
      <marc:subfield code="v">2024/035.</marc:subfield>
      <marc:subfield code="w">(CaOODSP)9.506483</marc:subfield>
    </marc:datafield>
    <marc:datafield tag="856" ind1="4" ind2="0">
      <marc:subfield code="q">PDF</marc:subfield>
      <marc:subfield code="s">470 KB</marc:subfield>
      <marc:subfield code="u">https://publications.gc.ca/collections/collection_2025/mpo-dfo/fs70-4/Fs70-4-2024-035-eng.pdf</marc:subfield>
    </marc:datafield>
  </marc:record>
</marc:collection>
